| 000 | 01432cam a2200313 a 4500 | ||
|---|---|---|---|
| 001 | 11959520 | ||
| 005 | 20070615135334.0 | ||
| 007 | cr_||||||||||| | ||
| 008 | 000331s2000 nju b 001 0 eng | ||
| 010 | _a 00037882 | ||
| 020 | _a1564144429 | ||
| 020 | _a9781564144423 | ||
| 040 |
_aDLC _cDLC _dDLC |
||
| 050 | 0 | 0 |
_aZA3075 _b.R69 2000 |
| 082 | 0 | 0 |
_a001.4 _222 _bROW |
| 100 | 1 |
_aRowland, Robin. _922956 |
|
| 245 | 1 | 4 |
_aThe Creative Guide to Research : _bHow to Find What You Need-- Online or Offline / _cby Robin Rowland. |
| 260 |
_aFranklin Lakes, NJ : _bCareer Press, 2000 _cc2000. |
||
| 300 |
_a284 p. ; _c23 cm. |
||
| 504 | _aIncludes bibliographical references (p. 267-277) and index. | ||
| 530 | _aAlso available as an electronic book via the World Wide Web to institutions affiliated with netLibrary, Inc. | ||
| 650 | 0 |
_aInformation retrieval. _922957 |
|
| 650 | 0 |
_aResearch. _922958 |
|
| 856 | 4 | 1 | _uhttp://www.netLibrary.com/urlapi.asp?action=summary&v=1&bookid=46345 |
| 942 |
_2ddc _cBB |
||
| 999 |
_c15086 _d15086 |
||